000 00327nam a2200121Ia 4500
008 190722s9999 xx 000 0 und d
020 _a978-81-224-3602-0
100 _aM K Jain
245 0 _aNumerical Solution of Differential Equations
260 _aNew Delhi
_bNew Age International Pvt Ltd.
_c2014
300 _a716
942 _cBK
999 _c196
_d196